| 000 | 00834nam a2200205Ii 4500 | ||
|---|---|---|---|
| 003 | JO-AjNU | ||
| 008 | 230605s9999||||xx |||||||||||||| ||und|| | ||
| 040 |
_aJO-AjNU _bara _erda _cJO-AjNU |
||
| 041 | _aara | ||
| 050 | 1 | 4 | _aDS38.14.T2.1991 |
| 100 | 3 |
_aتاليف: الطبري، ابي جعفر محمد بن جرير, _eauthor _959010 |
|
| 245 | 0 | 0 | _aتاريخ الطبري: تاريخ الامم والملوك: من سنة 91 للهجرة لغاية السنة 190 للهجرة، مج 4 |
| 250 | _aط3 | ||
| 264 | 3 | 1 | _aبيروت: دار الكتب العلمية،1991 |
| 300 |
_aج4: 694ص _bيحتوي على فهرس من ص 679-694 |
||
| 336 |
_atext _btxt _2rdacontent |
||
| 337 |
_aunmediated _bn _2rdamedia |
||
| 338 |
_avolume _bnc _2rdacarrier |
||
| 650 | 4 |
_aالتاريخ الاسلامي - عالم عربي _959011 |
|
| 999 |
_aA26533 _c30101 _d30101 |
||